Statistics for Formula 1: Drivers with Most Points in Total 2010-

Click here to take the quiz!

General Stats

  • This quiz has been taken 939 times
    (371 since last reset)
  • The average score is 19 of 20

Answer Stats

PointsDriverCountryTeams% Correct
3909.5Lewis HamiltonUnited KingdomMcLaren, Mercedes
100%
1543.5Max VerstappenNetherlandsToro Rosso, Red Bull
100%
2936Sebastian VettelGermanyRed Bull, Ferrari, Aston Martin
100%
1738Valtteri BottasFinlandWilliams, Mercedes
99%
1403Fernando AlonsoSpainFerrari, McLaren, Alpine
99%
1294Kimi RäikkönenFinlandLotus, Ferrari, Alfa Romeo
99%
896Sergio PérezMexicoSauber, McLaren, Force India, Racing Point, Red Bull
99%
1274Daniel RicciardoAustraliaToro Rosso, HRT, Red Bull, Renault, McLaren
98%
536.5Carlos SainzSpainToro Rosso, Renault, McLaren, Ferrari
97%
574Charles LeclercMonacoSauber, Ferrari
97%
1519Nico RosbergGermanyMercedes
96%
306Lando NorrisUnited KingdomMcLaren
95%
309Pierre GaslyFranceToro Rosso, Red Bull, AlphaTauri
95%
878Mark WebberAustraliaRed Bull
93%
908Jenson ButtonUnited KingdomMcLaren
93%
847Felipe MassaBrazilFerrari, Williams
92%
272Esteban OcónFranceManor, Force India, Racing Point, Renault, Alpine
92%
391Romain GrosjeanFranceRenault, Lotus, Haas
91%
202Daniil KvyatRussiaToro Rosso, Red Bull, AlphaTauri
91%
521Nico HülkenbergGermanyWilliams, Force India, Sauber, Renault, Racing Point
89%

Score Distribution

Percentile by Number Answered

Percent of People with Each Score

Your Score History

You have not taken this quiz since the last reset